UM Logo

Arch enemy/ (Record no. 11817)

MARC details
000 -LEADER
fixed length control field 00802nam a22001817a 4500
008 - FIXED-LENGTH DATA ELEMENTS--GENERAL INFORMATION
fixed length control field 190108b ||||| |||| 00| 0 eng d
020 ## - INTERNATIONAL STANDARD BOOK NUMBER
International Standard Book Number 978-1-4052-5193-8
082 ## - DEWEY DECIMAL CLASSIFICATION NUMBER
Edition number 2010
Classification number DFic
Item number B390
100 ## - MAIN ENTRY--PERSONAL NAME
Personal name Beddor, Frank
9 (RLIN) 33652
245 ## - TITLE STATEMENT
Title Arch enemy/
Statement of responsibility, etc. Frank Beddor
260 ## - PUBLICATION, DISTRIBUTION, ETC. (IMPRINT)
Place of publication, distribution, etc. London:
Name of publisher, distributor, etc. Egmont,
Date of publication, distribution, etc. ©2010.
300 ## - PHYSICAL DESCRIPTION
Extent 412 pages ;
Dimensions 20 cm.
440 ## - SERIES STATEMENT/ADDED ENTRY--TITLE
Title The looking glass wars
9 (RLIN) 33653
520 ## - SUMMARY, ETC.
Summary, etc. The battle for wonderland has come to a head. Imagination has been wiped from the land and even Queen Alyss has lost her powers. The Queendom hangs in the balance...<br/><br/>Full of fantastic battle scenes, plot twists and page-turning action, this is the brilliantly imaginative final book in The Looking Glass Wars trilogy.
650 ## - SUBJECT ADDED ENTRY--TOPICAL TERM
Topical term or geographic name as entry element FICTION
9 (RLIN) 34704
365 ## - TRADE PRICE
Price amount 190.00
Currency code Php.
942 ## - ADDED ENTRY ELEMENTS (KOHA)
Source of classification or shelving scheme Dewey Decimal Classification
Koha item type Fiction
Holdings
Withdrawn status Lost status Source of classification or shelving scheme Damaged status Not for loan Collection code Home library Current library Shelving location Source of acquisition Cost, normal purchase price Total Checkouts Full call number Barcode Date last seen Date last checked out Copy number Price effective from Koha item type
    Dewey Decimal Classification     Fiction UM Digos College - LIC UM Digos College - LIC Book Cart Purchased 190.00 5 DFic B390 2010 25377 05/15/2025 01/08/2020 1 01/08/2019 Fiction